guess the soda from the can - Statistics

General Stats
  • This quiz has been taken 188 times
  • The average score is 6 of 6
Answer Stats
Picture Answer % Correct
pepsi
99%
fanta
98%
sprite
98%
coke
97%
dr pepper
91%
diet coke
76%
No matching quizzes found
Score Distribution
Percent of People with Each Score
Percentile by Number Answered
Your Score History
You have not taken this quiz